Capitaines de l'équipe de France - Statistiques

Statistiques générales
  • Ce quiz a été pris 158 fois
  • Le résultat moyen est 51 sur 121
Statistiques - réponses
Date Poste Capitaine % Correct
2012 | 2013 | 2014 | +8 others Goal Hugo Lloris
99%
2023 | 2024 Attaquant Kylian Mbappé
99%
1919 - Persone
99%
1909 | 1915 | 1916 | +7 others - Personne
99%
1995 | 1996 | 1997 | +6 others Milieu Didier Deschamps
93%
2005 Milieu Zinedine Zidane
92%
1979 | 1980 | 1981 | +5 others Milieu Michel Platini
88%
2009 Attaquant Thierry Henry
77%
1992 Attaquant Jean Pierre Papin
67%
2004 | 2006 | 2007 Milieu Patrick Vieira
64%
2010 Arrière Patrice Evra
58%
2008 Defenseur Lilian Thuram
56%
1993 | 1994 Attaquant Eric Cantona
53%
1976 | 1977 | 1978 Defenseur Marius Trésor
36%
1987 Milieu Luis Fernandez
25%
1988 | 1989 | 1990 | 1991 Arrière Manuel Amoros
25%
2011 Milieu Alou Diarra
22%
1969 | 1970 | 1971 Defenseur Jean Djorkaeff
17%
1975 Milieu Henri Michel
12%
1952 | 1953 | 1954 | +5 others Defenseur Roger Marche
10%
1925 | 1926 | 1927 | +2 others Attaquant Paul Nicolas
9%
1930 Milieu Alexandre Villaplane
3%
1932 Goal Alex Thépot
2%
1967 | 1968 Libéro Bernard Bosquier
2%
1920 | 1921 Defenseur Lucien Gamblin
2%
1965 | 1966 Defenseur Marcel Artelesa
2%
1961 | 1962 | 1963 Defenseur André Lerond
1%
1972 Defenseur Claude Quittet
1%
1933 | 1934 | 1935 | +2 others Milieu Edmond Delfour
1%
1938 | 1939 | 1944 | 1945 Defenseur Etienne Mattler
1%
1904 Arrière Fernand Canelle
1%
1973 | 1974 Milieu Georges Beretta
1%
1931 Milieu Henri Pavillard
1%
1948 | 1949 | 1950 | 1951 Attaquant Jean Baratte
1%
1910 | 1911 | 1912 | +2 others Milieu Jean Ducret
1%
1960 Milieu Jean Jacques Marcel
1%
1946 | 1947 Milieu Oscar Heisserer
1%
1905 | 1906 | 1907 | 1908 Buteur Pierre Allemane
1%
1922 | 1923 | 1924 Ailier Gauche Raymond Dubly
1%
Aucun quiz correspondant
Distribution des résultats
% des personnes avec chaque résultat
Percentile par nombre de réponses
Votre historique - résultats
Vous n’avez pas pris ce quiz